<?xml version="1.0" encoding="UTF-8"?>
<record
    xmlns:xsi="http://www.w3.org/2001/XMLSchema-instance"
    xsi:schemaLocation="http://www.loc.gov/MARC21/slim http://www.loc.gov/standards/marcxml/schema/MARC21slim.xsd"
    xmlns="http://www.loc.gov/MARC21/slim">

  <leader>01541nab a2200277   4500</leader>
  <controlfield tag="003">AR-RoBPED</controlfield>
  <controlfield tag="005">20260422121555.0</controlfield>
  <controlfield tag="008">260422b        |||||||| |||| 00| 0 spa d</controlfield>
  <datafield tag="040" ind1=" " ind2=" ">
    <subfield code="a">AR-RoBPED</subfield>
  </datafield>
  <datafield tag="041" ind1=" " ind2=" ">
    <subfield code="a">spa</subfield>
  </datafield>
  <datafield tag="100" ind1="1" ind2=" ">
    <subfield code="a">Pel&#xE1;ez, Mar&#xED;a Paula</subfield>
    <subfield code="9">22445</subfield>
    <subfield code="e">Profesora de Qu&#xED;mica</subfield>
  </datafield>
  <datafield tag="245" ind1="1" ind2=" ">
    <subfield code="a">Promoci&#xF3;n de la conciencia ambiental asociada al uso y gesti&#xF3;n de pilas /</subfield>
  </datafield>
  <datafield tag="260" ind1=" " ind2=" ">
    <subfield code="a">Buenos Aires :</subfield>
    <subfield code="b">Noveduc,</subfield>
    <subfield code="c">2024</subfield>
  </datafield>
  <datafield tag="300" ind1=" " ind2=" ">
    <subfield code="a">10-13 p.</subfield>
  </datafield>
  <datafield tag="500" ind1=" " ind2=" ">
    <subfield code="a">El estudio de pilas constituye una excelente oportunidad no solo para relacionar los conocimientos previos de los y las estudiantes con los nuevos saberes fisicoqu&#xED;micos sino, fundamentalmente, para promover la reflexi&#xF3;n y la generaci&#xF3;n de conciencia ambiental asociada al uso y gesti&#xF3;n de estos dispositivos ampliamente utilizados en sus hogares. En el presente trabajo, se socializa la experiencia did&#xE1;ctica llevada a cabo con estudiantes de segundo a&#xF1;o de educaci&#xF3;n secundaria al abordar el tema "Las pilas el&#xE9;ctricas", en el marco de la materia Fisicoqu&#xED;mica. </subfield>
  </datafield>
  <datafield tag="650" ind1=" " ind2="7">
    <subfield code="a">ACTIVIDADES DIDACTICAS</subfield>
    <subfield code="9">18754</subfield>
  </datafield>
  <datafield tag="650" ind1=" " ind2="7">
    <subfield code="a">NIVEL MEDIO</subfield>
    <subfield code="9">3552</subfield>
  </datafield>
  <datafield tag="650" ind1=" " ind2="7">
    <subfield code="a">PILAS</subfield>
    <subfield code="9">4029</subfield>
  </datafield>
  <datafield tag="650" ind1=" " ind2="7">
    <subfield code="a">EXPERIENCIAS EDUCACIONALES</subfield>
    <subfield code="9">18339</subfield>
  </datafield>
  <datafield tag="650" ind1=" " ind2="7">
    <subfield code="a">EDUCACION AMBIENTAL</subfield>
    <subfield code="9">11</subfield>
  </datafield>
  <datafield tag="650" ind1=" " ind2="7">
    <subfield code="a">EXPERIMENTOS</subfield>
    <subfield code="9">1658</subfield>
  </datafield>
  <datafield tag="700" ind1="1" ind2=" ">
    <subfield code="a">Kraser, Roc&#xED;o B.</subfield>
    <subfield code="9">24867</subfield>
    <subfield code="e">Profesora de Qu&#xED;mica </subfield>
  </datafield>
  <datafield tag="773" ind1="0" ind2=" ">
    <subfield code="0">20414</subfield>
    <subfield code="9">41866</subfield>
    <subfield code="d">Buenos Aires :  Noveduc,  1993-</subfield>
    <subfield code="t">Novedades Educativas</subfield>
    <subfield code="w">(AR-RoBPED)20414</subfield>
    <subfield code="x">03283534</subfield>
  </datafield>
  <datafield tag="942" ind1=" " ind2=" ">
    <subfield code="2">udc</subfield>
    <subfield code="c">REV</subfield>
    <subfield code="h">37(05)</subfield>
    <subfield code="m">Nov 86 N&#xB0; 398 (Sept.2024)</subfield>
    <subfield code="a">k.32600</subfield>
  </datafield>
  <datafield tag="945" ind1=" " ind2=" ">
    <subfield code="a">mar 04/2026</subfield>
  </datafield>
  <datafield tag="999" ind1=" " ind2=" ">
    <subfield code="c">32600</subfield>
    <subfield code="d">32600</subfield>
  </datafield>
</record>
